00305nam a2200109Ia 4500008004100000082000800041100000900049245001700058942000600075952009900081999001500180240331s9999 xx 000 0 und d bSAM aCWDS 0aSamya sakthi cL 001040708LaWERCLbWERCLcSSCd2024-03-31l0o 305.405 SAMp3156r2024-03-31w2024-03-31yL c5554d5554